000 00785nam a2200301Ia 4500
008 220216s9999 xx 000 0 und d
100 _aGogoi N K
245 0 _aTapping panel dryness of rubber: Prevalence, incidence and severity in Tripura
260 _bNatural Rubber Research
_c2011
300 _a240-246
500 _aSource Year: 2011
650 _aHevea brasiliensis
650 _aHevea brasiliensis
650 _aIncidence
650 _aIncidence
650 _aSeason
650 _aSeason
650 _aTapping panel dryness
650 _aTapping panel dryness
650 _aTripura
650 _aTripura
700 _aDatta Bhaskar
700 _aDey S K
700 _aMajumdar A
700 _aMandal Debasis
700 _aMathew Jacob
942 _cAR
999 _c46706
_d46706